|
|
|
|
| LEADER |
00000nam0a2200000 4500 |
| 001 |
268694 |
| 005 |
20231101234206.0 |
| 035 |
|
|
|a (RuTPU)RU\TPU\book\291847
|
| 090 |
|
|
|a 268694
|
| 100 |
|
|
|a 20140906d1976 m y0rusy50 ca
|
| 101 |
0 |
|
|a rus
|
| 102 |
|
|
|a RU
|
| 105 |
|
|
|a a j 001zy
|
| 200 |
1 |
|
|a Основы металлогении
|e курс лекций
|f П. А. Строна
|g Ленинградский горный институт им. Г. В. Плеханова (ЛГИ)
|
| 210 |
|
|
|a Ленинград
|c Изд-во ЛГИ
|d 1976
|
| 215 |
|
|
|a 100 с.
|c ил.
|
| 320 |
|
|
|a Библиогр.: с. 95-97
|
| 606 |
1 |
|
|a Металлогения
|2 stltpush
|3 (RuTPU)RU\TPU\subj\42411
|9 62078
|
| 610 |
1 |
|
|a лекции
|
| 610 |
1 |
|
|a рудные месторождения
|
| 610 |
1 |
|
|a нерудные месторождения
|
| 610 |
1 |
|
|a размещение
|
| 610 |
1 |
|
|a рудные формации
|
| 610 |
1 |
|
|a типы
|
| 610 |
1 |
|
|a цикличность
|
| 610 |
1 |
|
|a рудообразование
|
| 610 |
1 |
|
|a прогнозные карты
|
| 675 |
|
|
|a 553.078(075.8)
|v 3
|
| 700 |
|
1 |
|a Строна
|b П. А.
|g Петр Андреевич
|
| 712 |
0 |
2 |
|a Ленинградский горный институт им. Г. В. Плеханова (ЛГИ)
|c (1924-1991)
|2 stltpush
|3 (RuTPU)RU\TPU\col\1021
|
| 801 |
|
1 |
|a RU
|b 63413507
|c 20140906
|
| 801 |
|
2 |
|a RU
|b 63413507
|c 20190422
|g RCR
|
| 942 |
|
|
|c BK
|